[Event "ODJM B 2019"]
[Site "Willingen GER"]
[Date "2019.06.12"]
[Round "6"]
[White "Kessen, Fanny"]
[Black "Panjer, Sidney"]
[Result "1-0"]
[Termination "normal"]
[Board "55"]
[WhiteElo "1232"]
[BlackElo "1490"]
[PlyCount "31"]
[WhiteFideId "16217357"]
[BlackFideId "16207041"]
[EventCountry "GER"]
[EventRounds "9"]
[EventType "swiss"]
[EventDate "2019.06.08"]

1. e4 e5 2. Nf3 Nc6 3. Bc4 Bc5 4. d3 d6 5. c3 Nf6 6. Bb3 Bg4 7. h3 Bd7 8. O-O
O-O 9. Re1 Qe7 10. Nbd2 Kh8 11. Nf1 Nh5 12. Ng5 Nf4 13. Bxf4 f6 14. Nxh7 g6 15.
Nxf8 Qxf8 16. Be3 1-0

[Event "ODJM B 2019"]
[Site "Willingen GER"]
[Date "2019.06.12"]
[Round "6"]
[White "Heß, Wadim"]
[Black "Schwenke, Mia"]
[Result "1/2-1/2"]
[Termination "normal"]
[Board "56"]
[WhiteElo "1360"]
[BlackElo "1136"]
[PlyCount "44"]
[WhiteFideId "16266129"]
[BlackFideId "16263332"]
[EventCountry "GER"]
[EventRounds "9"]
[EventType "swiss"]
[EventDate "2019.06.08"]

1. e4 c5 2. Nf3 d6 3. d4 cxd4 4. Nxd4 g6 5. Nc3 Bg7 6. Be3 Nf6 7. Be2 O-O 8.
Qd2 Nc6 9. f3 d5 10. exd5 Nxd5 11. Nxd5 Qxd5 12. Nxc6 Qxc6 13. c3 Be6 14. O-O
Rfd8 15. Qe1 Bc4 16. Bxc4 Qxc4 17. a3 e6 18. Rd1 b6 19. Qg3 Qe2 20. Rxd8+ Rxd8
21. Qf2 Qxf2+ 22. Kxf2 Rd7 1/2-1/2

[Event "ODJM B 2019"]
[Site "Willingen GER"]
[Date "2019.06.12"]
[Round "6"]
[White "Kung, Fanny"]
[Black "Senechal, Niklas Bennett"]
[Result "0-1"]
[Termination "normal"]
[Board "57"]
[WhiteElo "1510"]
[BlackElo "1470"]
[PlyCount "76"]
[WhiteFideId "12987689"]
[BlackFideId "16231180"]
[EventCountry "GER"]
[EventRounds "9"]
[EventType "swiss"]
[EventDate "2019.06.08"]

1. e4 c6 2. d4 d5 3. exd5 cxd5 4. Nf3 Bf5 5. Bd3 Bxd3 6. Qxd3 e6 7. O-O Bd6 8.
Nbd2 Nf6 9. Re1 O-O 10. Nf1 Ne4 11. Ng3 Nxg3 12. fxg3 h6 13. Bf4 Qc7 14. Bxd6
Qxd6 15. Ne5 Nc6 16. Rad1 Rac8 17. c3 a6 18. Nxc6 Rxc6 19. a4 Rb8 20. Rb1 b5
21. axb5 axb5 22. b4 Qc7 23. Rec1 Rc4 24. Rb2 Ra8 25. Rbc2 Ra3 26. Kf2 Qa7 27.
Qd2 e5 28. Ke2 exd4 29. cxd4 Rxd4 30. Rc8+ Kh7 31. Qc2+ Re4+ 32. Kf1 Ra2 33.
Qc5 Qd7 34. Rd1 Qf5+ 35. Kg1 Ree2 36. Kh1 Rxg2 37. Re8 Rxh2+ 38. Kg1 Rag2# 0-1

[Event "ODJM B 2019"]
[Site "Willingen GER"]
[Date "2019.06.12"]
[Round "6"]
[White "Fricke, Edna Marlene"]
[Black "Pham, Anh Tuan"]
[Result "1/2-1/2"]
[Termination "normal"]
[Board "58"]
[WhiteElo "1350"]
[BlackElo "1300"]
[PlyCount "44"]
[WhiteFideId "12988839"]
[BlackFideId "16245229"]
[EventCountry "GER"]
[EventRounds "9"]
[EventType "swiss"]
[EventDate "2019.06.08"]

1. e4 e5 2. Nf3 Nc6 3. Bc4 Bc5 4. d3 Nf6 5. c3 Bb6 6. Nbd2 O-O 7. Bb3 d6 8. O-O
Bg4 9. Re1 Qd7 10. Nf1 h6 11. Ne3 Ne7 12. Nxg4 Nxg4 13. d4 Ng6 14. h3 Nf6 15.
Be3 Rad8 16. Qd3 c6 17. Rad1 Bc7 18. dxe5 dxe5 19. Qxd7 Rxd7 20. Rxd7 Nxd7 21.
Rd1 Rd8 22. a4 b6 1/2-1/2

[Event "ODJM B 2019"]
[Site "Willingen GER"]
[Date "2019.06.12"]
[Round "6"]
[White "Lipinsky, Pierre"]
[Black "Sarian, Gaya"]
[Result "1-0"]
[Termination "normal"]
[Board "59"]
[WhiteElo "1353"]
[BlackElo "1452"]
[PlyCount "85"]
[WhiteFideId "16206290"]
[BlackFideId "16266161"]
[EventCountry "GER"]
[EventRounds "9"]
[EventType "swiss"]
[EventDate "2019.06.08"]

1. d4 d5 2. Bf4 Bf5 3. e3 e6 4. c4 Nf6 5. Nc3 Bb4 6. Nf3 Ne4 7. Qc1 Qe7 8. c5
O-O 9. a3 Bxc3+ 10. bxc3 c6 11. Bd3 Nd7 12. Bxe4 Bxe4 13. Bd6 Qf6 14. Bxf8 Nxf8
15. Qd1 Ng6 16. Ra2 Rb8 17. Rb2 e5 18. a4 a5 19. h3 Qf5 20. O-O Bxf3 21. Qxf3
Qxf3 22. gxf3 Nh4 23. Rfb1 Nxf3+ 24. Kg2 Nh4+ 25. Kg3 Nf5+ 26. Kh2 e4 27. Rxb7
Rxb7 28. Rxb7 h6 29. Ra7 Nh4 30. Rxa5 Nf3+ 31. Kg3 Nd2 32. Ra8+ Kh7 33. a5 Nc4
34. a6 Na5 35. Rc8 Kg6 36. a7 Nc4 37. a8=Q h5 38. Qxc6+ f6 39. Qxd5 Nd2 40. Rf8
Nf3 41. Qf7+ Kg5 42. Qxg7+ Kf5 43. Rxf6# 1-0

[Event "ODJM B 2019"]
[Site "Willingen GER"]
[Date "2019.06.13"]
[Round "7"]
[White "Ebeling, Gereon"]
[Black "Diegel, Jonas"]
[Result "0-1"]
[Termination "normal"]
[Board "9"]
[WhiteElo "1588"]
[BlackElo "1787"]
[PlyCount "60"]
[WhiteFideId "16223160"]
[BlackFideId "16206061"]
[EventCountry "GER"]
[EventRounds "9"]
[EventType "swiss"]
[EventDate "2019.06.08"]

1. e4 e6 2. d4 d5 3. Nd2 Nf6 4. e5 Nfd7 5. Bd3 c5 6. c3 Nc6 7. Ne2 cxd4 8. cxd4
Bb4 9. O-O O-O 10. Nf3 f6 11. exf6 Nxf6 12. Bg5 Bd6 13. Bh4 Ne7 14. Bg3 Nf5 15.
Bxf5 exf5 16. Qb3 b6 17. Nf4 Bxf4 18. Bxf4 Ba6 19. Rfe1 Bc4 20. Qd1 Ne4 21. Nd2
Rc8 22. Nxe4 fxe4 23. Be5 Qg5 24. Re3 Qf5 25. Qd2 Bd3 26. Rg3 g6 27. f4 Rc2 28.
Qb4 Qc8 29. Re3 Qd7 30. Rae1 Qg4 0-1

[Event "ODJM B 2019"]
[Site "Willingen GER"]
[Date "2019.06.13"]
[Round "7"]
[White "Reuter, Julian-Frank"]
[Black "Alhamid, Mohamad"]
[Result "1-0"]
[Termination "normal"]
[Board "10"]
[WhiteElo "1733"]
[BlackElo "1672"]
[PlyCount "39"]
[WhiteFideId "16256182"]
[BlackFideId "16235665"]
[EventCountry "GER"]
[EventRounds "9"]
[EventType "swiss"]
[EventDate "2019.06.08"]

1. e4 c6 2. d4 d5 3. exd5 cxd5 4. Bd3 Nc6 5. c3 Nf6 6. Bf4 Bg4 7. Qb3 Qd7 8.
Nd2 e6 9. Ngf3 b6 10. Ne5 Nxe5 11. dxe5 Qc7 12. exf6 Qxf4 13. Qb5+ Kd8 14. Nf1
Qxf6 15. Ne3 Bh5 16. O-O Bd6 17. Qc6 Bxh2+ 18. Kxh2 Rc8 19. Qd6+ Ke8 20. Bb5+
1-0

[Event "ODJM B 2019"]
[Site "Willingen GER"]
[Date "2019.06.13"]
[Round "7"]
[White "Lauterbach, Kolja"]
[Black "Zimmer, Luca"]
[Result "1/2-1/2"]
[Termination "normal"]
[Board "11"]
[WhiteElo "1662"]
[BlackElo "1676"]
[PlyCount "66"]
[WhiteFideId "16235916"]
[BlackFideId "12921424"]
[EventCountry "GER"]
[EventRounds "9"]
[EventType "swiss"]
[EventDate "2019.06.08"]

1. e4 e6 2. d4 d5 3. Nd2 Nf6 4. e5 Nfd7 5. Bd3 c5 6. c3 Nc6 7. Ne2 cxd4 8. cxd4
f6 9. exf6 Nxf6 10. O-O Bd6 11. Nf3 Qc7 12. Nc3 a6 13. h3 O-O 14. Bg5 Bd7 15.
Re1 Rae8 16. Rc1 Qb8 17. a3 Kh8 18. Qe2 h6 19. Be3 Ng8 20. Nh4 Nge7 21. Qd2 Rf6
22. Bb1 Kg8 23. Qd3 Ref8 24. g4 Bf4 25. Ng2 Bxe3 26. Rxe3 Be8 27. Rce1 Bg6 28.
Qd2 Bxb1 29. Nxb1 Rxf2 30. Qxf2 Rxf2 31. Kxf2 Nxd4 32. Rd3 Ndc6 33. Nd2 e5
1/2-1/2

[Event "ODJM B 2019"]
[Site "Willingen GER"]
[Date "2019.06.13"]
[Round "7"]
[White "Götz, Timon"]
[Black "Francois, Yannick"]
[Result "1/2-1/2"]
[Termination "normal"]
[Board "12"]
[WhiteElo "1408"]
[BlackElo "1643"]
[PlyCount "77"]
[WhiteFideId "16245040"]
[BlackFideId "16200918"]
[EventCountry "GER"]
[EventRounds "9"]
[EventType "swiss"]
[EventDate "2019.06.08"]

1. c4 Nf6 2. g3 e6 3. Bg2 d5 4. Nf3 Be7 5. b3 O-O 6. Bb2 b6 7. O-O Bb7 8. e3
dxc4 9. bxc4 c5 10. Qe2 Nc6 11. Rd1 Qc7 12. d3 Rfd8 13. Nbd2 Rd7 14. Nb3 Rad8
15. a3 e5 16. Nxe5 Nxe5 17. Bxb7 Nxd3 18. Bf3 Ne5 19. Bxe5 Qxe5 20. Rxd7 Rxd7
21. Qc2 a6 22. Rc1 h5 23. Nd2 Ng4 24. Nf1 Bf6 25. Rb1 Rd6 26. Qa4 a5 27. h3 Nh6
28. Qc2 g6 29. e4 Kg7 30. Ne3 Bd8 31. Nd5 Ng8 32. Bg2 Ne7 33. f4 Qd4+ 34. Kh2
Nxd5 35. Rd1 Ne3 36. Rxd4 Rxd4 37. Qe2 Nxc4 38. e5 Nxa3 39. e6 1/2-1/2

[Event "ODJM B 2019"]
[Site "Willingen GER"]
[Date "2019.06.13"]
[Round "7"]
[White "Seitz, Manuel"]
[Black "Laag, Pascal"]
[Result "1-0"]
[Termination "normal"]
[Board "13"]
[WhiteElo "1710"]
[BlackElo "1699"]
[PlyCount "93"]
[WhiteFideId "16215770"]
[BlackFideId "16256069"]
[EventCountry "GER"]
[EventRounds "9"]
[EventType "swiss"]
[EventDate "2019.06.08"]

1. e4 e6 2. d4 d5 3. Nc3 Nf6 4. e5 Nfd7 5. f4 c5 6. Nf3 Nc6 7. Be3 f6 8. Be2 a6
9. Bf2 b5 10. a3 Qb6 11. Qd2 Rb8 12. O-O cxd4 13. Nxd4 Nxd4 14. Bxd4 Bc5 15.
Bxc5 Nxc5 16. Kh1 O-O 17. Rae1 fxe5 18. fxe5 Bd7 19. Bg4 Rxf1+ 20. Rxf1 Rf8 21.
Rxf8+ Kxf8 22. b4 Nb7 23. Nxd5 Qd8 24. Nc3 Qh4 25. h3 Ke7 26. Qe3 Bc6 27. Ne2
Qe1+ 28. Kh2 Qf1 29. Bf3 Bxf3 30. Qxf3 Qxf3 31. gxf3 g5 32. Kg3 Kf7 33. f4 Kg6
34. Nd4 Nd8 35. Kg4 h5+ 36. Kf3 Kh6 37. f5 exf5 38. Nxf5+ Kg6 39. Nd4 Kf7 40.
Ke4 Ne6 41. Ne2 Ke7 42. Kf5 Kf7 43. c3 Ke7 44. Nd4 g4 45. hxg4 Nxd4+ 46. cxd4
h4 47. Kf4 1-0

[Event "ODJM B 2019"]
[Site "Willingen GER"]
[Date "2019.06.13"]
[Round "7"]
[White "Bilecen, Simon"]
[Black "Ebeling, Leander"]
[Result "0-1"]
[Termination "normal"]
[Board "14"]
[WhiteElo "1669"]
[BlackElo "1694"]
[PlyCount "120"]
[WhiteFideId "16225511"]
[BlackFideId "16223179"]
[EventCountry "GER"]
[EventRounds "9"]
[EventType "swiss"]
[EventDate "2019.06.08"]

1. Nf3 Nf6 2. c4 c6 3. g3 d5 4. cxd5 cxd5 5. Bg2 Nc6 6. O-O Bf5 7. d3 g6 8. b3
Bg7 9. Bb2 O-O 10. Nbd2 Re8 11. Rc1 e5 12. Nh4 Be6 13. Re1 Qd7 14. a3 Rac8 15.
b4 a6 16. Nb3 b6 17. e3 e4 18. dxe4 dxe4 19. Nd4 Nxd4 20. Bxd4 g5 21. Bxf6 Qxd1
22. Rcxd1 Bxf6 23. f4 gxh4 24. Rd6 hxg3 25. hxg3 Bb2 26. Bxe4 Bxa3 27. Rxb6 Bc4
28. Bf5 Kg7 29. Bxc8 Rxc8 30. Rd1 Bb5 31. Rd4 Rc1+ 32. Kf2 Rf1+ 33. Kg2 Rb1 34.
Rd5 h6 35. Rh5 Rxb4 36. Rbxh6 Rb2+ 37. Kg1 Rc2 38. Rh7+ Kf8 39. Rh8+ Ke7 40.
Re5+ Kf6 41. Rg8 Bb2 42. Rh5 Bc1 43. Re5 Re2 44. e4 Bb2 45. Rf5+ Ke7 46. Rc8
Bd7 47. Rc7 Kd8 48. Rxd7+ Kxd7 49. Rxf7+ Ke8 50. Rf5 Rxe4 51. Ra5 Re1+ 52. Kf2
Ra1 53. Rd5 a5 54. Ke2 a4 55. Kd2 a3 56. Kc2 Rc1+ 57. Kb3 Rc3+ 58. Ka2 Rxg3 59.
f5 Rg2 60. Kb1 Bc3 0-1

[Event "ODJM B 2019"]
[Site "Willingen GER"]
[Date "2019.06.13"]
[Round "7"]
[White "Bartelt, Max Peter"]
[Black "Reuter, Max"]
[Result "1-0"]
[Termination "normal"]
[Board "15"]
[WhiteElo "1789"]
[BlackElo "1545"]
[PlyCount "109"]
[WhiteFideId "12967289"]
[BlackFideId "16263715"]
[EventCountry "GER"]
[EventRounds "9"]
[EventType "swiss"]
[EventDate "2019.06.08"]

1. d4 Nf6 2. Nf3 d5 3. g3 Bf5 4. Bg2 e6 5. O-O c5 6. c4 Nc6 7. Nc3 Be7 8. Bg5
Rc8 9. dxc5 dxc4 10. Qa4 Qa5 11. Qxc4 Qxc5 12. Qxc5 Bxc5 13. Rac1 h6 14. Bxf6
gxf6 15. Nb5 Ne7 16. Nfd4 O-O 17. Bxb7 Rb8 18. Rxc5 Rxb7 19. b3 Bh3 20. Rfc1
Rd7 21. f3 a6 22. Rc7 Rfd8 23. Na3 Rxd4 24. Rxe7 Rd1+ 25. Rxd1 Rxd1+ 26. Kf2
Rf1+ 27. Ke3 Ra1 28. Ra7 Rxa2 29. Rxa6 Bf1 30. Kf4 Rxe2 31. h4 Rf2 32. Rc6 Bg2
33. Rc3 e5+ 34. Ke4 Re2+ 35. Re3 Rd2 36. Nb5 Bf1 37. Nc3 Rd4+ 38. Kf5 Kg7 39.
Ne4 Bd3 40. h5 Ba6 41. Nxf6 Rb4 42. Nd5 Bc8+ 43. Kxe5 Rb5 44. Kd4 Bb7 45. Nf4
Rf5 46. Rc3 Kf6 47. Ke3 Re5+ 48. Kf2 Ra5 49. g4 Kg5 50. Rc7 Kxf4 51. Rxf7+ Kg5
52. Rxb7 Ra2+ 53. Kg3 Rb2 54. Rb6 Rc2 55. Rg6# 1-0

[Event "ODJM B 2019"]
[Site "Willingen GER"]
[Date "2019.06.13"]
[Round "7"]
[White "Lange, Malina"]
[Black "Zieringer, Sebastian"]
[Result "0-1"]
[Termination "normal"]
[Board "16"]
[WhiteElo "1562"]
[BlackElo "1825"]
[PlyCount "132"]
[WhiteFideId "16228952"]
[BlackFideId "16222008"]
[EventCountry "GER"]
[EventRounds "9"]
[EventType "swiss"]
[EventDate "2019.06.08"]

1. e4 d6 2. d4 Nf6 3. Nc3 Nbd7 4. f4 e5 5. Nf3 exd4 6. Nxd4 Nc5 7. Bb5+ c6 8.
Nxc6 bxc6 9. Bxc6+ Bd7 10. Bxa8 Qxa8 11. Nd5 Nxd5 12. exd5 Be7 13. Be3 O-O 14.
Qf3 Bf6 15. O-O-O Qb7 16. Bd4 Bxd4 17. Rxd4 Rc8 18. f5 Na4 19. Qa3 Rb8 20. Rxa4
Bxa4 21. Qxa4 Qxb2+ 22. Kd2 h6 23. Qxa7 Rb4 24. Qa5 Rc4 25. Rc1 Qd4+ 26. Ke2
Qe4+ 27. Kd2 Qxg2+ 28. Kd3 Qe4+ 29. Kd2 Qxf5 30. Qd8+ Kh7 31. Qxd6 Qf2+ 32. Kd3
Rd4+ 33. Kc3 Qd2+ 34. Kb2 Rb4+ 35. Qxb4 Qxb4+ 36. Ka1 Qd4+ 37. c3 Qxd5 38. c4
Qe5+ 39. Kb1 Qxh2 40. c5 Kg6 41. c6 Qc7 42. a4 Kf6 43. a5 Ke6 44. a6 Kd6 45.
Rd1+ Kxc6 46. Rc1+ Kb6 47. Rxc7 Kxc7 48. Kc2 Kb6 49. Kd3 Kxa6 50. Ke4 Kb6 51.
Ke5 Kc6 52. Kf5 Kd6 53. Kg4 Ke5 54. Kh5 f5 55. Kh4 f4 56. Kh3 f3 57. Kg3 Ke4
58. Kf2 g5 59. Kf1 Ke3 60. Ke1 f2+ 61. Kf1 g4 62. Kg2 Ke2 63. Kh2 f1=Q 64. Kg3
Qf3+ 65. Kh2 g3+ 66. Kg1 Qf1# 0-1

[Event "ODJM B 2019"]
[Site "Willingen GER"]
[Date "2019.06.13"]
[Round "7"]
[White "Kolb, Verena"]
[Black "Thorz, Maximilian"]
[Result "0-1"]
[Termination "normal"]
[Board "17"]
[WhiteElo "1649"]
[BlackElo "1677"]
[PlyCount "64"]
[WhiteFideId "12992313"]
[BlackFideId "16220668"]
[EventCountry "GER"]
[EventRounds "9"]
[EventType "swiss"]
[EventDate "2019.06.08"]

1. e4 c5 2. Nc3 Nc6 3. g3 g6 4. Bg2 Bg7 5. d3 d6 6. Be3 Bd7 7. Nge2 Rb8 8. O-O
b5 9. Qd2 b4 10. Nd1 a5 11. a3 Nf6 12. Bh6 O-O 13. Bxg7 Kxg7 14. f4 h6 15. axb4
axb4 16. b3 Qb6 17. Kh1 Bg4 18. Bf3 Bxf3+ 19. Rxf3 Ra8 20. Qc1 Qb7 21. Ne3 Rxa1
22. Qxa1 Ra8 23. Qb2 Qa6 24. Rf1 Kh7 25. h3 Nxe4 26. Nd5 Nd2 27. Nc7 Qb7 28.
Nxa8 Nd4+ 29. Kh2 Nxf1+ 30. Kg1 Nxe2+ 31. Kxf1 Qf3+ 32. Ke1 Nc3 0-1

[Event "ODJM B 2019"]
[Site "Willingen GER"]
[Date "2019.06.13"]
[Round "7"]
[White "Thumm, Niklas"]
[Black "Schulze, Lukas"]
[Result "1-0"]
[Termination "normal"]
[Board "19"]
[WhiteElo "1732"]
[BlackElo "1643"]
[PlyCount "69"]
[WhiteFideId "12918733"]
[BlackFideId "12956856"]
[EventCountry "GER"]
[EventRounds "9"]
[EventType "swiss"]
[EventDate "2019.06.08"]

1. Nc3 d5 2. e4 dxe4 3. Nxe4 Bf5 4. Ng3 Bg6 5. Nf3 Nc6 6. Bb5 e6 7. h4 h6 8.
Ne5 Nge7 9. h5 Bf5 10. Nxf5 exf5 11. Qe2 Qd5 12. f4 O-O-O 13. Bc4 Qc5 14. Nxf7
Rd4 15. d3 Rh7 16. c3 Qa5 17. O-O Rxc4 18. dxc4 a6 19. Rd1 Kb8 20. b4 Qa4 21.
b5 axb5 22. cxb5 Qe4 23. Qxe4 fxe4 24. bxc6 Nxc6 25. Re1 Bc5+ 26. Be3 Ba3 27.
Rad1 Bb2 28. Bd2 Ba3 29. Rxe4 Bc5+ 30. Be3 Bxe3+ 31. Rxe3 b6 32. f5 Na5 33. Rd7
Nc6 34. Re8+ Kb7 35. Nd6+ 1-0

[Event "ODJM B 2019"]
[Site "Willingen GER"]
[Date "2019.06.13"]
[Round "7"]
[White "Kublanov, Carolin"]
[Black "Esefelder, Richard"]
[Result "0-1"]
[Termination "normal"]
[Board "20"]
[WhiteElo "1748"]
[BlackElo "1627"]
[PlyCount "36"]
[WhiteFideId "12944548"]
[BlackFideId "16287487"]
[EventCountry "GER"]
[EventRounds "9"]
[EventType "swiss"]
[EventDate "2019.06.08"]

1. d4 Nf6 2. Nf3 g6 3. Nbd2 Bg7 4. e4 d6 5. Bd3 O-O 6. O-O Nbd7 7. b4 e5 8.
dxe5 Ng4 9. Nc4 Ndxe5 10. Ncxe5 Nxe5 11. Nxe5 Bxe5 12. Rb1 Be6 13. Bh6 Qh4 14.
f4 Bd4+ 15. Kh1 Qxh6 16. c4 Rad8 17. f5 Be5 18. fxg6 Qxh2# 0-1

[Event "ODJM B 2019"]
[Site "Willingen GER"]
[Date "2019.06.13"]
[Round "7"]
[White "Garbuz, Nicole"]
[Black "Brügmann, Kai"]
[Result "1/2-1/2"]
[Termination "normal"]
[Board "21"]
[WhiteElo "1650"]
[BlackElo "1555"]
[PlyCount "54"]
[WhiteFideId "12990701"]
[BlackFideId "16287460"]
[EventCountry "GER"]
[EventRounds "9"]
[EventType "swiss"]
[EventDate "2019.06.08"]

1. e4 c5 2. d4 cxd4 3. c3 dxc3 4. Nxc3 Nc6 5. Nf3 e6 6. Bc4 a6 7. O-O Nge7 8.
Bg5 Qc7 9. Rc1 Ng6 10. Bb3 Qa5 11. Qe2 Nd4 12. Nxd4 Qxg5 13. Nf3 Qa5 14. Rfd1
Be7 15. Qe3 b5 16. a3 O-O 17. Nd4 Bb7 18. Ba2 Rac8 19. Nb3 Qd8 20. Qd4 Bf6 21.
Qxd7 Qxd7 22. Rxd7 Bxc3 23. Rxc3 Rxc3 24. bxc3 Bxe4 25. Nc5 Bc6 26. Rd6 Ne7 27.
Nxa6 Bd5 1/2-1/2

[Event "ODJM B 2019"]
[Site "Willingen GER"]
[Date "2019.06.13"]
[Round "7"]
[White "Cheredzhiyska, Iva"]
[Black "Plum, Paul"]
[Result "0-1"]
[Termination "normal"]
[Board "22"]
[WhiteElo "1581"]
[BlackElo "1717"]
[PlyCount "84"]
[WhiteFideId "16241622"]
[BlackFideId "16225678"]
[EventCountry "GER"]
[EventRounds "9"]
[EventType "swiss"]
[EventDate "2019.06.08"]

1. e4 e5 2. Nf3 Nc6 3. d4 exd4 4. Nxd4 Nf6 5. Nc3 Bb4 6. Nxc6 bxc6 7. Bd3 d5 8.
exd5 cxd5 9. O-O O-O 10. Bg5 c6 11. Re1 Bg4 12. f3 Bh5 13. Bd2 Bc5+ 14. Kh1 Rb8
15. a3 Bd6 16. Qc1 Qc7 17. f4 Ng4 18. Nd1 Qd8 19. h3 Qh4 20. Rf1 Rfe8 21. b4 c5
22. Kg1 Nf6 23. c3 c4 24. Bc2 Bxd1 25. Qxd1 Ne4 26. Bxe4 dxe4 27. Be3 Qe7 28.
Rf2 Red8 29. Rd2 Bc7 30. Qe2 Rd3 31. Rc1 Rbd8 32. Rcc2 Qh4 33. Qf2 Qxf2+ 34.
Kxf2 Bb6 35. Re2 Rxe3 36. Rxe3 Rd3 37. Rce2 Rxc3 38. a4 Rd3 39. Rc2 Rxe3 40.
Kf1 c3 41. a5 Bc7 42. b5 Bxa5 0-1

[Event "ODJM B 2019"]
[Site "Willingen GER"]
[Date "2019.06.13"]
[Round "7"]
[White "Hövert, Kai"]
[Black "Maul, Maik Joel"]
[Result "1-0"]
[Termination "normal"]
[Board "23"]
[WhiteElo "1536"]
[BlackElo "1590"]
[PlyCount "49"]
[WhiteFideId "16266056"]
[BlackFideId "16204816"]
[EventCountry "GER"]
[EventRounds "9"]
[EventType "swiss"]
[EventDate "2019.06.08"]

1. e4 c5 2. Nf3 e6 3. c4 Nc6 4. d4 cxd4 5. Nxd4 Qc7 6. Nc3 a6 7. a3 Nf6 8. Be3
Bd6 9. g3 h5 10. f4 Ng4 11. Bg1 Nxd4 12. Qxd4 e5 13. Qd2 exf4 14. Nd5 Qd8 15.
Bb6 Qg5 16. Nc7+ Kf8 17. Qxd6+ Kg8 18. Qxf4 Qg6 19. Bd4 d5 20. exd5 Kh7 21.
Nxa8 Rd8 22. O-O-O Bd7 23. Nc7 Rc8 24. Bd3 Nh6 25. d6 1-0

[Event "ODJM B 2019"]
[Site "Willingen GER"]
[Date "2019.06.13"]
[Round "7"]
[White "Petrosyan, Tigran"]
[Black "Kovac, Linda"]
[Result "1-0"]
[Termination "normal"]
[Board "24"]
[WhiteElo "1603"]
[BlackElo "1718"]
[PlyCount "53"]
[WhiteFideId "12962783"]
[BlackFideId "12938815"]
[EventCountry "GER"]
[EventRounds "9"]
[EventType "swiss"]
[EventDate "2019.06.08"]

1. c4 g6 2. d4 Bg7 3. e4 d6 4. Nc3 Nf6 5. f3 O-O 6. Nge2 Nbd7 7. Be3 a5 8. g4
e5 9. h4 exd4 10. Nxd4 Ne5 11. Be2 Be6 12. Nxe6 fxe6 13. h5 c6 14. f4 Nf7 15.
hxg6 hxg6 16. Qc2 e5 17. f5 g5 18. O-O-O Qe7 19. Qd2 Nd7 20. Rh5 Bf6 21. c5
Nxc5 22. Bc4 d5 23. exd5 Rad8 24. d6 Qd7 25. Bxc5 b5 26. Be6 Qb7 27. Ne4 1-0

[Event "ODJM B 2019"]
[Site "Willingen GER"]
[Date "2019.06.13"]
[Round "7"]
[White "Naumenko, Valerija"]
[Black "Lohrmann, Tabea"]
[Result "1-0"]
[Termination "normal"]
[Board "25"]
[WhiteElo "1606"]
[BlackElo "1549"]
[PlyCount "63"]
[WhiteFideId "16222890"]
[BlackFideId "12911941"]
[EventCountry "GER"]
[EventRounds "9"]
[EventType "swiss"]
[EventDate "2019.06.08"]

1. e4 e5 2. Nf3 Nc6 3. Bc4 Bc5 4. c3 Nf6 5. d3 a6 6. Bb3 Ba7 7. h3 d6 8. Nbd2
Be6 9. Bc2 Ne7 10. Nf1 Ng6 11. d4 c6 12. Ng3 O-O 13. O-O Re8 14. Re1 h6 15. Be3
exd4 16. cxd4 d5 17. e5 Nd7 18. Nd2 Qh4 19. Kh2 Nb6 20. f4 Nf8 21. f5 Bd7 22.
f6 gxf6 23. Nf3 Bg4 24. Nxh4 Bxd1 25. Raxd1 fxe5 26. dxe5 Rxe5 27. Bd4 Re6 28.
Bf5 Ree8 29. Nh5 Rad8 30. Nf6+ Kg7 31. Nd7+ Kg8 32. Nxb6 1-0

[Event "ODJM B 2019"]
[Site "Willingen GER"]
[Date "2019.06.13"]
[Round "7"]
[White "Winterberg, Johanna"]
[Black "Ewerhardy, Moritz"]
[Result "0-1"]
[Termination "normal"]
[Board "26"]
[WhiteElo "1742"]
[BlackElo "1654"]
[PlyCount "56"]
[WhiteFideId "12929344"]
[BlackFideId "36052086"]
[EventCountry "GER"]
[EventRounds "9"]
[EventType "swiss"]
[EventDate "2019.06.08"]

1. e4 d6 2. d4 Nf6 3. f3 g6 4. Be3 Bg7 5. Bc4 O-O 6. Ne2 Nc6 7. O-O e5 8. d5
Ne7 9. b4 Nh5 10. g4 Nf4 11. Nbc3 f5 12. gxf5 gxf5 13. Qd2 Nh3+ 14. Kh1 f4 15.
Bf2 Ng6 16. Ng1 Qg5 17. Nxh3 Bxh3 18. Rg1 Qh5 19. Qd1 Kh8 20. Nb5 Rf7 21. Nxa7
Bf6 22. Bf1 Rg7 23. Bxh3 Qxh3 24. Nb5 Rag8 25. Qe2 Bh4 26. Bxh4 Nxh4 27. Rxg7
Rxg7 28. Qf1 Rg2 0-1

[Event "ODJM B 2019"]
[Site "Willingen GER"]
[Date "2019.06.13"]
[Round "7"]
[White "Glöckl, Simon"]
[Black "Rempe, Janne"]
[Result "1/2-1/2"]
[Termination "normal"]
[Board "27"]
[WhiteElo "1586"]
[BlackElo "1720"]
[PlyCount "47"]
[WhiteFideId "16266072"]
[BlackFideId "16202392"]
[EventCountry "GER"]
[EventRounds "9"]
[EventType "swiss"]
[EventDate "2019.06.08"]

1. e4 d6 2. d4 Nf6 3. Nc3 Nbd7 4. Nf3 e5 5. Bc4 Be7 6. O-O O-O 7. Re1 c6 8. a4
a5 9. Ba2 Qc7 10. h3 exd4 11. Nxd4 Ne5 12. Nf5 Be6 13. Qe2 Qd7 14. Bxe6 fxe6
15. Nxe7+ Qxe7 16. Bf4 Ng6 17. Bxd6 Qxd6 18. e5 Qe7 19. exf6 Rxf6 20. Ne4 Rf5
21. Rad1 Raf8 22. Qd2 Qh4 23. Re3 Nf4 24. Rde1 1/2-1/2

[Event "ODJM B 2019"]
[Site "Willingen GER"]
[Date "2019.06.13"]
[Round "7"]
[White "Sperling, Niclas"]
[Black "Scheidt, Mike Niklas"]
[Result "1-0"]
[Termination "normal"]
[Board "28"]
[WhiteElo "1720"]
[BlackElo "1557"]
[PlyCount "30"]
[WhiteFideId "16204000"]
[BlackFideId "12965235"]
[EventCountry "GER"]
[EventRounds "9"]
[EventType "swiss"]
[EventDate "2019.06.08"]

1. e4 c5 2. Nf3 e6 3. d4 cxd4 4. Nxd4 Nc6 5. Nc3 Qc7 6. a3 a6 7. Be3 Nf6 8. Be2
b5 9. O-O Bb7 10. f3 Bd6 11. g3 h5 12. Ndxb5 axb5 13. Nxb5 Qb8 14. Qxd6 Kd8 15.
Bb6+ Ke8 1-0

[Event "ODJM B 2019"]
[Site "Willingen GER"]
[Date "2019.06.13"]
[Round "7"]
[White "Obciety, Sandra"]
[Black "Stepanov, Maximilian"]
[Result "1/2-1/2"]
[Termination "normal"]
[Board "29"]
[WhiteElo "1619"]
[BlackElo "1615"]
[PlyCount "142"]
[WhiteFideId "16213157"]
[BlackFideId "16244680"]
[EventCountry "GER"]
[EventRounds "9"]
[EventType "swiss"]
[EventDate "2019.06.08"]

1. e4 e6 2. d4 d5 3. Bd3 Nf6 4. e5 Nfd7 5. c3 c5 6. Nf3 Nc6 7. O-O cxd4 8. cxd4
f6 9. Re1 fxe5 10. Nxe5 Ndxe5 11. dxe5 g6 12. Nd2 Bg7 13. Nf3 O-O 14. Bg5 Qb6
15. Qd2 Bd7 16. Bh6 Ne7 17. Bxg7 Kxg7 18. Nh4 Rf7 19. Re3 Raf8 20. Rf3 Rxf3 21.
Nxf3 Bb5 22. Bc2 Bc6 23. Nd4 Bd7 24. Nf3 Qxb2 25. Rb1 Qxa2 26. Rxb7 Qa1+ 27.
Qd1 Qxd1+ 28. Bxd1 Rd8 29. Ng5 Kg8 30. Rxa7 Nf5 31. Nxh7 Kxh7 32. Ba4 g5 33.
Bxd7 Kg6 34. Bxe6 d4 35. Rd7 Rb8 36. g3 Rb1+ 37. Kg2 Rb2 38. Bxf5+ Kxf5 39.
Rxd4 Kxe5 40. Ra4 Kf5 41. Ra5+ Kg6 42. h3 Rc2 43. Kf3 Rc3+ 44. Kg4 Rc4+ 45. f4
gxf4 46. Ra6+ Kf7 47. gxf4 Kg7 48. Kg5 Rc3 49. Ra7+ Kf8 50. h4 Rg3+ 51. Kf6 Kg8
52. f5 Rh3 53. Kg5 Rg3+ 54. Kf4 Rh3 55. Kg4 Rh1 56. Ra3 Kg7 57. Ra6 Rg1+ 58.
Kh5 Rf1 59. Rg6+ Kf7 60. Kg5 Rg1+ 61. Kh6 Rf1 62. Rg5 Kf6 63. h5 Rf2 64. Rg8
Kf7 65. Rg5 Kf6 66. Rg6+ Kxf5 67. Kg7 Ra2 68. Rf6+ Kg5 69. h6 Ra7+ 70. Rf7
Rxf7+ 71. Kxf7 Kxh6 1/2-1/2